Evaluation of sudt formulation of hexaconazole for the control of powdery mildew disease of Hevea brasiliensis (Record no. 59012)

MARC details
000 -LEADER
fixed length control field 01639nam a2200217Ia 4500
100 ## - MAIN ENTRY--AUTHOR NAME
Personal name Prem E E
245 #0 - TITLE STATEMENT
Title Evaluation of sudt formulation of hexaconazole for the control of powdery mildew disease of Hevea brasiliensis
260 ## - PUBLICATION, DISTRIBUTION, ETC. (IMPRINT)
Name of publisher Proceedings of the 15th Plantation Crops Symposium, PLACROSYM XV, 10-13 December 2002, Mysore .pp.572-575.
520 ## - SUMMARY, ETC.
Summary, etc Field experiments were conducted to evaluate a triazole fungicide, hexaconazole, for the management of powdery mildew disease of rubber (Hevea brasiliensis) caused by Oidium hevease Steinm. The experiment was conducted on a susceptible clone PB 5/51 in Cheruvally estate, Kottayam, Kerala and also in a disease-prone area on clone RRIM 600 in Vaikundam estate, Kanyakumari district, Tamil Nadu for seasons (1999 to 2002). Hexaconazole (2;) dust was evaluated as such and in alternate schedule with sulphur and in combination with recommended sulphur fungicide and at three concentrations. Results indicated that application of hexaconazole (2;) as such and in alternate schedule with sulphur was found to give better control. Combination of hexaconazole (2;) and sulphur and hexaconazole (1;) as such were observed to reduce powdery mildew disease. Alternate use of hexaconazole with sulphur is suggested to avoid the development of resistant strains.
650 ## - SUBJECT ADDED ENTRY--TOPICAL TERM
Topical Term Disease control
650 ## - SUBJECT ADDED ENTRY--TOPICAL TERM
Topical Term Dust formulation
650 ## - SUBJECT ADDED ENTRY--TOPICAL TERM
Topical Term Hevea brasiliensis
650 ## - SUBJECT ADDED ENTRY--TOPICAL TERM
Topical Term Hexaconazole
650 ## - SUBJECT ADDED ENTRY--TOPICAL TERM
Topical Term Powdery mildew
700 ## - ADDED ENTRY--PERSONAL NAME
Personal name Idicula S P
700 ## - ADDED ENTRY--PERSONAL NAME
Personal name Jacob C K
700 ## - ADDED ENTRY--PERSONAL NAME
Personal name Manju M J
700 ## - ADDED ENTRY--PERSONAL NAME
Personal name Mushriff S K
942 ## - ADDED ENTRY ELEMENTS (KOHA)
Koha item type Journals
Holdings
Withdrawn status Lost status Damaged status Not for loan Home library Current library Shelving location Date acquired Koha item type
      Journals RRII Library RRII Library Pathology 16/12/2002 Journals